000
00304nam a22001337a 4500
008
170206b xxu||||| |||| 00| 0 eng d
020
_a
331311053621t
041
_a
eng
080
_2
5ED
_a
61
100
_a
3
101
_a
SHM
245
_a
CENTRAL SERVICES TECHNICAL
_c
JACK.D. NINEMEIER
942
_2
udc
_c
BK
999
_c
4708
_d
4708